Kerjaya sebagai perancang kewangan peribadi

Bibliographic Details
Main Author: Sunthara Segar
Format: Book
Published: Kuala Lumpur : PTS Profesional Publishing , 2007
Subjects:

MARC

LEADER 00000cam a2200000 7i4500
001 0000015479
005 20080327.0
008 080327
020 |a 9833586058 
090 0 0 |a 332.0240092   |b SUN 
100 0 |a Sunthara Segar 
245 1 0 |a Kerjaya sebagai perancang kewangan peribadi   |c Sunthara Segar 
260 |a Kuala Lumpur :   |b PTS Profesional Publishing ,   |c 2007 
500 |a Siri pendidikan kerjaya 
650 0 |a Finance, Personal 
650 0 |a Finance, personal   |x Vocational guidance 
999 |a 0001017979   |b Book   |c Adult Collection   |e Perbadanan Perpustakaan Awam Johor 
999 |a 0001017980   |b Book   |c Adult Collection   |e Perbadanan Perpustakaan Awam Johor